Bataille de Preussisch-Eylau gagnée par la grande armée, commandée en personne par Napoleon Ier... (Record no. 30610)
[ view plain ]
| 000 -LEADER | |
|---|---|
| campo de control de longitud fija | 00517nam a2200145 i 4500 |
| 001 - NÚMERO DE CONTROL | |
| campo de control | 30610 |
| 003 - IDENTIFICADOR DE NÚMERO DE CONTROL | |
| campo de control | ES-MaACL |
| 005 - FECHA Y HORA DE LA ÚLTIMA TRANSACCIÓN | |
| campo de control | 20230906154225.0 |
| 007 - CAMPO FIJO DE DESCRIPCIÓN FÍSICA--INFORMACIÓN GENERAL | |
| campo de control de longitud fija | t| |
| 008 - DATOS DE LONGITUD FIJA--INFORMACIÓN GENERAL | |
| campo de control de longitud fija | 030127s1807 fr ||||1| fre d |
| 245 00 - MENCIÓN DEL TÍTULO | |
| Título | Bataille de Preussisch-Eylau gagnée par la grande armée, commandée en personne par Napoleon Ier... |
| Resto del título | : sur les armées combinées de Prusse et de Russie le 8 février 1807. |
| 260 ## - PUBLICACIÓN, DISTRIBUCIÓN, ETC. | |
| Lugar de publicación, distribución, etc. | París : |
| Nombre del editor, distribuidor, etc. | [s.n.], |
| Fecha de publicación, distribución, etc. | 1807. |
| 300 ## - DESCRIPCIÓN FÍSICA | |
| Extensión | 33 p., 5 lám. ; |
| Dimensiones | 41 cm. |
| 852 ## - LOCALIZACIÓN | |
| Ubicación | ES-MaACL |
| Número de control de estantería | R-2932 |
| Encuadernación | Olim:B-17 |
| Estatus retirado | Estado de pérdida | Estado de daño | No para préstamo | Colección | Biblioteca de origen | Biblioteca actual | Ubicación en estantería | Fecha de adquisición | Fuente de adquisición | Total de préstamos | Signatura topográfica completa | Código de barras | Visto por última vez | Precio de reemplazo | Tipo de ítem Koha |
|---|---|---|---|---|---|---|---|---|---|---|---|---|---|---|---|
| Libros del s. XIX | Biblioteca del Ateneo de Madrid | Biblioteca del Ateneo de Madrid | Depósito | 17/01/2008 | R-2932 | 1031608 | 23/02/2023 | 23/02/2023 | Libro impreso antiguo |
